书目信息 |
| 题名: |
2003年普通高等学校招生全国统一考试说明
|
|
| 作者: | ;教育部考试中心 编 | |
| 分册: | ||
| 出版信息: | 北京 高等教育出版社 2002 |
|
| 页数: | 309页 | |
| 开本: | 21cm | |
| 丛书名: | ||
| 单 册: | ||
| 中图分类: | G424.74 | |
| 科图分类: | ||
| 主题词: | 教学理论 | |
| 电子资源: | ||
| ISBN: | 7-04-009409-6 | |
| 000 | 00677nam0 2200193 450 | |
| 001 | 0635887843 | |
| 005 | 20060930095903.54 | |
| 010 | @a7-04-009409-6@dCNY23.00 | |
| 100 | @a20060930d2002 km y0chiy0120 ea | |
| 101 | 0 | @achi |
| 102 | @aCN@b110000 | |
| 200 | 1 | @a2003年普通高等学校招生全国统一考试说明@b文科@A2003 nian pu tong gao deng xue xiao zhao sheng quan guo tong yi kao shi shuo ming@f教育部考试中心编@Fjiao yu bu kao shi zhong xin bian |
| 210 | @a北京@c高等教育出版社@d2002 | |
| 215 | @a309页@d21cm | |
| 606 | 0 | @a教学理论 |
| 690 | @aG424.74@v3 | |
| 711 | 0 | @a教育部考试中心@Ajiao yu bu kao shi zhong xin@4编 |
| 801 | 0 | @aCN@bNISOFT@c20060930 |
| 905 | @a10447@dG424.74@e141 | |
| 2003年普通高等学校招生全国统一考试说明[文科]/教育部考试中心编.-北京:高等教育出版社,2002 |
| 309页;21cm |
| ISBN 7-04-009409-6:CNY23.00 |
| ● |
| 相关链接 |
|
|
|
|
正题名:2003年普通高等学校招生全国统一考试说明
索取号:G424.74/141
 
预约/预借
| 序号 | 登录号 | 条形码 | 馆藏地/架位号 | 状态 | 备注 |
| 1 | 0494143 | 204941439 | 密集书库/ [索取号:G424.74/141] | 在馆 |